| 000 | 00772cam a22002413a 4500 | ||
|---|---|---|---|
| 001 | 28546 | ||
| 003 | PGUSA | ||
| 005 | 20140828083621.0 | ||
| 008 | 090409s2009||||xxu|||||s|||||000 | eng d | ||
| 040 |
_aPGUSA _beng |
||
| 042 | _adc | ||
| 050 | 4 | _aDA | |
| 100 | 1 |
_aRanke, Leopold von, _d1795-1886 |
|
| 245 | 1 | 2 |
_aA History of England Principally in the Seventeenth Century, Volume I (of 6) _h[electronic resource] / _cLeopold von Ranke |
| 260 |
_bProject Gutenberg, _c2009 |
||
| 506 | _aPublic domain in the USA. | ||
| 516 | _aElectronic text | ||
| 653 | _aGreat Britain -- History -- Stuarts, 1603-1714 | ||
| 653 | _aEngland -- Civilization -- 17th century | ||
| 830 | 0 |
_aProject Gutenberg _v28546 |
|
| 856 | 4 | 0 | _uhttp://www.gutenberg.org/ebooks/28546 |
| 942 | _cEB | ||
| 999 |
_c257801 _d257801 |
||